Real analysis : A first course (Record no. 15934)
[ view plain ]
| 000 -LEADER | |
|---|---|
| fixed length control field | 00430nam a2200181Ia 4500 |
| 001 - CONTROL NUMBER | |
| control field | 15425 |
| 008 - FIXED-LENGTH DATA ELEMENTS--GENERAL INFORMATION | |
| fixed length control field | 140403s9999 xx 000 0 und d |
| 020 ## - INTERNATIONAL STANDARD BOOK NUMBER | |
| International Standard Book Number | 0-201-83210-0 |
| 040 ## - CATALOGING SOURCE | |
| Transcribing agency | PK-LaUMT |
| 082 ## - DEWEY DECIMAL CLASSIFICATION NUMBER | |
| Classification number | 515 |
| Item number | GOR-R |
| 100 ## - MAIN ENTRY--PERSONAL NAME | |
| Personal name | Gordon, Russell A. |
| 245 ## - TITLE STATEMENT | |
| Title | Real analysis : A first course |
| Statement of responsibility, etc | Gordon, Russell A. |
| 260 ## - PUBLICATION, DISTRIBUTION, ETC. (IMPRINT) | |
| Date of publication, distribution, etc | 1997 |
| 300 ## - PHYSICAL DESCRIPTION | |
| Extent | 303 p |
| 546 ## - LANGUAGE NOTE | |
| Language note | EN |
| 650 ## - SUBJECT ADDED ENTRY--TOPICAL TERM | |
| Topical term or geographic name as entry element | Mathematical analysis |
| 942 ## - ADDED ENTRY ELEMENTS (KOHA) | |
| Koha item type | Books |
| Withdrawn status | Lost status | Damaged status | Not for loan | Home library | Current library | Date acquired | Total Checkouts | Full call number | Barcode | Date last seen | Date checked out | Price effective from | Koha item type |
|---|---|---|---|---|---|---|---|---|---|---|---|---|---|
| UMT Main Campus | UMT Main Campus | 2014-04-03 | 5 | 515 GOR-R | 17882 | 2024-05-28 | 2024-05-15 | 2014-04-22 | Books |
